000
00221nam a22000857a 4500
008
161112b xxu||||| |||| 00| 0 eng d
100
_9
1179
_a
BPI India
245
_a
Androcles and the lion
260
_a
New Delhi
_b
BPI India
_c
2011
999
_c
3858
_d
3858